| 000 | 00824cab a22002055a 4500 | ||
|---|---|---|---|
| 001 | L153590 | ||
| 008 | 110808e20110805xxk f 000 0 eng d | ||
| 035 | _a(Sirsi) u153590 | ||
| 041 | 0 | _aeng | |
| 100 | 1 | _aMoore, Paul | |
| 245 | 0 | 0 |
_aInternational costs _bthings may be tough in the UK economy and construction industry, but how do we compare to other countries? |
| 260 | _c2011 | ||
| 490 |
_aBuilding _v276 (8690) 5 August 2011, 48-53(6) |
||
| 520 | _aCommentary looks at the problem of comparing prices across countries, commodity prices, Europe, North America, Middle East and Asia Pacific; table of worldwide economic growth 2011-12; table of international cost comparison. | ||
| 590 | _aKA | ||
| 651 | 4 | _aInternational | |
| 690 | _aBUILT ENVIRONMENT-BUILDING COSTS | ||
| 710 |
_aEC Harris _94930 |
||
| 942 | _n0 | ||
| 999 |
_c83329 _d83329 |
||